• 首页
  • 本馆介绍
  • 公告通知
  • 最新文献
  • 馆藏检索
  • 电子资源
  • 读者导购
  • 参考咨询
  • 我的图书馆
  • 登录
  • 详细信息显示
  • 放入我的书架
  • 预约/预借图书
  • 作者相关作品
  • 分类相关作品
  • 丛书相关作品
  • 出版社相关作品

书目信息

  • 表格格式
  • 工作单格式
  • 卡片格式
题名:
内陆核电环境安全有关的常见问题问答
    
 
作者: 中国核能行业协会 , 组织编写 编写
分册:  
出版信息: 北京   中国原子能出版社  2019.12
页数: 112页
开本: 26cm
丛书名:
单 册:
中图分类: X773-44
科图分类:
主题词: 核电厂--he dian chang--工厂环境保护--问题解答
电子资源:
ISBN: 978-7-5022-9696-4
000 01470nam0 2200241 450
001 0109110142
005 20201109110337.0
010    @a978-7-5022-9696-4@dCNY58.00
100    @a20190311d2019 em y0chiy0110 ea
101 0  @achi
102    @aCN@b110000
105    @ay z 000yy
106    @ar
200 1  @a内陆核电环境安全有关的常见问题问答@Anei lu he dian huan jing an quan you guan de chang jian wen ti wen da@f中国核能行业协会, 组织编写
210    @a北京@c中国原子能出版社@d2019.12
215    @a112页@d26cm
330    @a内陆核电环境安全有关的常见问题回答》有两个部分,共170个问题回答。第一部分回答与核电厂环境安全有关的问题,包括辐射有关的基本知识,核电厂的发电原理和纵深防御原则,我国核安全的监督管理,核电厂正常运行的辐射环境影响,核电历史上三次严重事故的健康后果与评估,福岛核事故教训总结与后续行动要求,核电厂废物处置与退役。第二部分回答与内陆核电环境安全有关的问题,包括内陆核电厂址与沿海核电厂址特征的比较,内陆核电厂的水资源利用与取水安全评估,内陆核电厂放射性液态流出物排放的控制与评估,内陆核电厂放射性气载流出物排放的控制与评估,内陆核电厂地下水途径有关的环境影响评估,内陆核电厂运行对受纳水体的热影响,我国内陆核电厂的安全性,内陆核电厂严重事故工况下确保水资源安全的应急预案。
606 0  @a核电厂@Ahe dian chang@x工厂环境保护@x问题解答
690    @aX773-44@v5
701  0 @a中国核能行业协会@Azhong guo he neng hang ye xie hui@4编写
701  0 @a组织编写@Azu zhi bian xie@4编写
801  0 @aCN@bBJSZM@c20201103
905    @b1213715-6@dX773-44@e327@f2
    
    内陆核电环境安全有关的常见问题问答/中国核能行业协会, 组织编写.-北京:中国原子能出版社,2019.12
    112页;26cm
    
    
    ISBN 978-7-5022-9696-4:CNY58.00
    内陆核电环境安全有关的常见问题回答》有两个部分,共170个问题回答。第一部分回答与核电厂环境安全有关的问题,包括辐射有关的基本知识,核电厂的发电原理和纵深防御原则,我国核安全的监督管理,核电厂正常运行的辐射环境影响,核电历史上三次严重事故的健康后果与评估,福岛核事故教训总结与后续行动要求,核电厂废物处置与退役。第二部分回答与内陆核电环境安全有关的问题,包括内陆核电厂址与沿海核电厂址特征的比较,内陆核电厂的水资源利用与取水安全评估,内陆核电厂放射性液态流出物排放的控制与评估,内陆核电厂放射性气载流出物排放的控制与评估,内陆核电厂地下水途径有关的环境影响评估,内陆核电厂运行对受纳水体的热影响,我国内陆核电厂的安全性,内陆核电厂严重事故工况下确保水资源安全的应急预案。
●
相关链接 在E读中查询图书 在五车中查询图书 在当当中查询图书 在豆瓣中查询图书


正题名:内陆核电环境安全有关的常见问题问答     索取号:X773-44/327         预约/预借

序号 登录号 条形码 馆藏地/架位号 状态 备注
1 1213715   212137150   第二样本阅览室/ [索取号:X773-44/327] 在馆    
2 1213716   212137169   第三借阅区/ [索取号:X773-44/327] 在馆    
唐山师范学院图书馆 欢迎您!
大连网信软件有限公司© 版权所有